[Event "9 Round Open"]
[Site "Enniscrone, Sligo, IE"]
[Date "2026.02.05"]
[Round "6"]
[White "Alvarez Jimenez, Alfonso"]
[Black "Liu, Jason"]
[Result "0-1"]
[Board "7"]
[WhiteFideId "2297418"]
[BlackFideId "2514656"]
[BlackTitle "FM"]
[WhiteElo "1868"]
[BlackElo "2181"]
[WhiteTeam "ESP"]
[BlackTeam "IRL"]
[WhiteClock "0:05:43"]
[BlackClock "0:09:08"]
[Variant "Standard"]

1. d4 {[%clk 1:27:59]}  Nf6 {[%clk 1:30:55]} 2. c4 {[%clk 1:28:23]}  e6 {[%clk 1:31:23]} 3. Nc3 {[%clk 1:28:44]}  Bb4 {[%clk 1:31:40]} 4. Nf3 {[%clk 1:29:00]}  Bxc3+ {[%clk 1:32:04]} 5. bxc3 {[%clk 1:29:23]}  d6 {[%clk 1:32:24]} 6. g3 {[%clk 1:28:07]}  O-O {[%clk 1:31:40]} 7. Bg2 {[%clk 1:28:08]}  Qe7 {[%clk 1:29:50]} 8. O-O {[%clk 1:26:49]}  e5 {[%clk 1:24:57]} 9. Bg5 {[%clk 1:20:51]}  Nbd7 {[%clk 1:22:39]} 10. Nd2 {[%clk 1:16:57]}  h6 {[%clk 1:21:00]} 11. Bxf6 {[%clk 1:16:34]}  Nxf6 {[%clk 1:18:15]} 12. e4 {[%clk 1:16:14]}  c5 {[%clk 1:12:12]} 13. d5 {[%clk 1:11:47]}  Nh7 {[%clk 1:10:59]} 14. Qe2 {[%clk 1:05:34]}  f5 {[%clk 1:00:46]} 15. exf5 {[%clk 0:59:15]}  Bxf5 {[%clk 1:00:56]} 16. f4 {[%clk 0:55:40]}  Rae8 {[%clk 0:56:15]} 17. Rae1 {[%clk 0:53:37]}  Qd7 {[%clk 0:50:59]} 18. fxe5 {[%clk 0:49:30]}  Rxe5 {[%clk 0:50:29]} 19. Qd1 {[%clk 0:49:45]}  Rxe1 {[%clk 0:44:06]} 20. Qxe1 {[%clk 0:47:47]}  Re8 {[%clk 0:42:41]} 21. Qf2 {[%clk 0:48:06]}  Bd3 {[%clk 0:41:50]} 22. Re1 {[%clk 0:48:00]}  Nf6 {[%clk 0:40:21]} 23. h3 {[%clk 0:45:55]}  Re7 {[%clk 0:36:24]} 24. Re3 {[%clk 0:43:50]}  Bg6 {[%clk 0:35:25]} 25. Qe1 {[%clk 0:37:03]}  Rxe3 {[%clk 0:34:22]} 26. Qxe3 {[%clk 0:37:24]}  Kf8 {[%clk 0:33:18]} 27. Kh2 {[%clk 0:35:45]}  Qe7 {[%clk 0:29:44]} 28. Qf2 {[%clk 0:34:40]}  Qe5 {[%clk 0:28:02]} 29. Nb3 {[%clk 0:27:20]}  b6 {[%clk 0:26:47]} 30. Qf3 {[%clk 0:21:56]}  Bh5 {[%clk 0:21:50]} 31. Qf4 {[%clk 0:19:50]}  Qxf4 {[%clk 0:22:10]} 32. gxf4 {[%clk 0:20:14]}  Be2 {[%clk 0:22:20]} 33. Nd2 {[%clk 0:20:35]}  Nh5 {[%clk 0:22:29]} 34. f5 {[%clk 0:20:56]}  Ke7 {[%clk 0:20:21]} 35. Be4 {[%clk 0:20:13]}  Kf6 {[%clk 0:19:52]} 36. Kg2 {[%clk 0:20:21]}  Ke5 {[%clk 0:16:45]} 37. Kf2 {[%clk 0:19:46]}  Bd1 {[%clk 0:16:40]} 38. Ke1 {[%clk 0:17:39]}  Ng3 {[%clk 0:16:12]} 39. Bd3 {[%clk 0:15:24]}  Bh5 {[%clk 0:16:09]} 40. Kf2 {[%clk 0:14:40]}  Nxf5 {[%clk 0:16:27]} 41. Bxf5 {[%clk 0:15:08]}  Kxf5 {[%clk 0:16:47]} 42. Nf1 {[%clk 0:15:11]}  Kf4 {[%clk 0:15:04]} 43. Ng3 {[%clk 0:11:32]}  Bf3 {[%clk 0:13:12]} 44. h4 {[%clk 0:10:47]}  g6 {[%clk 0:13:08]} 45. Nf1 {[%clk 0:10:06]}  Be4 {[%clk 0:12:26]} 46. Ne3 {[%clk 0:07:17]}  g5 {[%clk 0:10:29]} 47. hxg5 {[%clk 0:06:36]}  hxg5 {[%clk 0:10:55]} 48. Nf1 {[%clk 0:06:10]}  Bd3 {[%clk 0:10:53]} 49. Ne3 {[%clk 0:06:15]}  g4 {[%clk 0:10:28]} 50. Ng2+ {[%clk 0:05:43]}  Ke5 {[%clk 0:09:08]} 0-1

[Event "9 Round Open"]
[Site "Enniscrone, Sligo, IE"]
[Date "2026.02.05"]
[Round "6"]
[White "Ivanov, Andrey A."]
[Black "Stokes, Stephen"]
[Result "1-0"]
[Board "8"]
[WhiteFideId "2514311"]
[BlackFideId "2503530"]
[WhiteTitle "CM"]
[WhiteElo "2093"]
[BlackElo "1875"]
[WhiteTeam "IRL"]
[BlackTeam "IRL"]
[WhiteClock "0:52:44"]
[BlackClock "0:03:51"]
[Variant "Standard"]

1. Nf3 {[%clk 1:30:58]}  Nf6 {[%clk 1:29:43]} 2. c4 {[%clk 1:31:24]}  c5 {[%clk 1:29:46]} 3. Nc3 {[%clk 1:31:32]}  Nc6 {[%clk 1:29:54]} 4. d4 {[%clk 1:31:55]}  cxd4 {[%clk 1:29:37]} 5. Nxd4 {[%clk 1:32:21]}  g6 {[%clk 1:26:03]} 6. e4 {[%clk 1:32:25]}  d6 {[%clk 1:21:16]} 7. Be2 {[%clk 1:32:47]}  Bg7 {[%clk 1:21:08]} 8. Be3 {[%clk 1:33:12]}  O-O {[%clk 1:21:00]} 9. O-O {[%clk 1:33:18]}  Bd7 {[%clk 1:17:08]} 10. Qd2 {[%clk 1:32:56]}  Ng4 {[%clk 1:13:22]} 11. Nxc6 {[%clk 1:30:50]}  bxc6 {[%clk 1:13:17]} 12. Bxg4 {[%clk 1:31:10]}  Bxg4 {[%clk 1:13:07]} 13. f4 {[%clk 1:31:33]}  Be6 {[%clk 1:05:52]} 14. Qe2 {[%clk 1:29:12]}  f5 {[%clk 0:59:57]} 15. Rad1 {[%clk 1:25:45]}  Qa5 {[%clk 0:44:59]} 16. exf5 {[%clk 1:24:40]}  Bxf5 {[%clk 0:38:45]} 17. Kh1 {[%clk 1:22:39]}  h5 {[%clk 0:36:29]} 18. h3 {[%clk 1:21:56]}  Bxc3 {[%clk 0:30:03]} 19. bxc3 {[%clk 1:21:59]}  c5 {[%clk 0:30:16]} 20. Rf3 {[%clk 1:20:57]}  Kf7 {[%clk 0:28:20]} 21. Bf2 {[%clk 1:19:08]}  Rab8 {[%clk 0:25:09]} 22. Re3 {[%clk 1:17:29]}  Qc7 {[%clk 0:23:35]} 23. Bh4 {[%clk 1:13:31]}  Rfe8 {[%clk 0:23:20]} 24. Re1 {[%clk 1:06:04]}  Rb7 {[%clk 0:18:38]} 25. Kg1 {[%clk 1:01:29]}  Qd7 {[%clk 0:15:08]} 26. Kh2 {[%clk 0:54:56]}  Rc7 {[%clk 0:15:11]} 27. Qf2 {[%clk 0:54:17]}  Rb7 {[%clk 0:15:07]} 28. Rxe7+ {[%clk 0:52:41]}  Rxe7 {[%clk 0:14:46]} 29. Rxe7+ {[%clk 0:53:08]}  Qxe7 {[%clk 0:15:05]} 30. Bxe7 {[%clk 0:53:35]}  Rxe7 {[%clk 0:15:23]} 31. Qd2 {[%clk 0:53:35]}  Rd7 {[%clk 0:14:23]} 32. Kg3 {[%clk 0:52:28]}  Be6 {[%clk 0:13:36]} 33. Qd3 {[%clk 0:52:16]}  Bf5 {[%clk 0:13:27]} 34. Qd5+ {[%clk 0:52:19]}  Be6 {[%clk 0:13:43]} 35. Qc6 {[%clk 0:52:43]}  Ke7 {[%clk 0:13:47]} 36. Qe4 {[%clk 0:53:00]}  Kf7 {[%clk 0:14:04]} 37. Kh4 {[%clk 0:53:14]}  Bf5 {[%clk 0:13:34]} 38. Qd5+ {[%clk 0:53:36]}  Be6 {[%clk 0:11:39]} 39. Qc6 {[%clk 0:53:59]}  Kf6 {[%clk 0:11:22]} 40. Qc8 {[%clk 0:52:37]}  Bf5 {[%clk 0:06:24]} 41. Qf8+ {[%clk 0:52:33]}  Ke6 {[%clk 0:06:26]} 42. Kg5 {[%clk 0:52:40]}  Rf7 {[%clk 0:06:09]} 43. Qd8 {[%clk 0:51:28]}  Bc2 {[%clk 0:05:26]} 44. g4 {[%clk 0:51:23]}  hxg4 {[%clk 0:05:21]} 45. hxg4 {[%clk 0:51:49]}  Bd3 {[%clk 0:05:27]} 46. Qc8+ {[%clk 0:51:04]}  Ke7 {[%clk 0:05:09]} 47. Qb7+ {[%clk 0:50:41]}  Kf8 {[%clk 0:04:29]} 48. Qb8+ {[%clk 0:51:09]}  Kg7 {[%clk 0:03:57]} 49. Qxd6 {[%clk 0:51:20]}  Bxc4 {[%clk 0:03:58]} 50. Qxg6+ {[%clk 0:51:32]}  Kf8 {[%clk 0:04:07]} 51. Qd6+ {[%clk 0:51:58]}  Kg8 {[%clk 0:04:07]} 52. Qxc5 {[%clk 0:51:45]}  Bxa2 {[%clk 0:04:30]} 53. c4 {[%clk 0:52:03]}  Rg7+ {[%clk 0:04:30]} 54. Kh4 {[%clk 0:52:02]}  Bb1 {[%clk 0:04:10]} 55. Qd5+ {[%clk 0:52:21]}  Kh8 {[%clk 0:03:51]} 56. c5 {[%clk 0:52:44]} 1-0

[Event "9 Round Open"]
[Site "Enniscrone, Sligo, IE"]
[Date "2026.02.05"]
[Round "6"]
[White "McGill, Derek"]
[Black "Halvorsen, Benjamin"]
[Result "1-0"]
[Board "9"]
[WhiteFideId "2510375"]
[BlackFideId "1516604"]
[WhiteElo "1853"]
[BlackElo "2007"]
[WhiteTeam "IRL"]
[BlackTeam "NOR"]
[WhiteClock "0:05:27"]
[BlackClock "0:18:30"]
[Variant "Standard"]

1. c4 {[%clk 1:30:46]}  e5 {[%clk 1:30:53]} 2. Nc3 {[%clk 1:31:10]}  Nf6 {[%clk 1:30:59]} 3. g3 {[%clk 1:30:48]}  c6 {[%clk 1:31:12]} 4. Nf3 {[%clk 1:31:05]}  e4 {[%clk 1:31:32]} 5. Nd4 {[%clk 1:31:30]}  d5 {[%clk 1:31:33]} 6. cxd5 {[%clk 1:31:09]}  cxd5 {[%clk 1:31:55]} 7. d3 {[%clk 1:28:22]}  Qb6 {[%clk 1:29:56]} 8. Nb3 {[%clk 1:18:06]}  Nc6 {[%clk 1:29:44]} 9. Bg2 {[%clk 1:13:04]}  exd3 {[%clk 1:20:51]} 10. Qxd3 {[%clk 1:06:23]}  Nb4 {[%clk 1:20:38]} 11. Qd1 {[%clk 0:53:03]}  Bf5 {[%clk 1:18:51]} 12. Be3 {[%clk 0:47:43]}  Qd8 {[%clk 1:06:28]} 13. Nd4 {[%clk 0:46:52]}  Bg6 {[%clk 1:05:21]} 14. Qa4+ {[%clk 0:43:27]}  Qd7 {[%clk 0:56:58]} 15. Qxd7+ {[%clk 0:42:52]}  Kxd7 {[%clk 0:57:19]} 16. a3 {[%clk 0:42:18]}  Nc6 {[%clk 0:54:44]} 17. Nxd5 {[%clk 0:42:04]}  Ng4 {[%clk 0:51:36]} 18. Bh3 {[%clk 0:36:16]}  f5 {[%clk 0:51:33]} 19. Bxg4 {[%clk 0:36:40]}  fxg4 {[%clk 0:51:56]} 20. Nxc6 {[%clk 0:34:59]}  bxc6 {[%clk 0:44:57]} 21. Nf4 {[%clk 0:33:00]}  Bf7 {[%clk 0:44:34]} 22. Bd4 {[%clk 0:30:47]}  Rg8 {[%clk 0:44:02]} 23. Rd1 {[%clk 0:27:23]}  Ke8 {[%clk 0:41:38]} 24. Nd3 {[%clk 0:24:34]}  Be7 {[%clk 0:40:37]} 25. O-O {[%clk 0:23:40]}  a5 {[%clk 0:40:01]} 26. Ne5 {[%clk 0:20:21]}  Bd5 {[%clk 0:32:18]} 27. Nxg4 {[%clk 0:20:10]}  a4 {[%clk 0:32:20]} 28. Ne3 {[%clk 0:18:56]}  Bb3 {[%clk 0:32:41]} 29. Rc1 {[%clk 0:19:12]}  Rc8 {[%clk 0:32:57]} 30. Nf5 {[%clk 0:18:31]}  Bf8 {[%clk 0:31:54]} 31. e3 {[%clk 0:14:05]}  g6 {[%clk 0:31:02]} 32. Nh4 {[%clk 0:14:19]}  c5 {[%clk 0:30:35]} 33. Nf3 {[%clk 0:10:27]}  Bg7 {[%clk 0:24:11]} 34. Bxg7 {[%clk 0:08:47]}  Rxg7 {[%clk 0:24:39]} 35. Nd2 {[%clk 0:08:40]}  Ba2 {[%clk 0:24:23]} 36. Ne4 {[%clk 0:08:08]}  Rb8 {[%clk 0:23:16]} 37. Nxc5 {[%clk 0:05:50]}  Rxb2 {[%clk 0:22:14]} 38. Nxa4 {[%clk 0:06:05]}  Rb3 {[%clk 0:22:27]} 39. Nc3 {[%clk 0:04:39]}  Rxa3 {[%clk 0:22:19]} 40. Ra1 {[%clk 0:04:27]}  Rxc3 {[%clk 0:22:19]} 41. Rxa2 {[%clk 0:04:56]}  Re7 {[%clk 0:22:07]} 42. Rfa1 {[%clk 0:04:30]}  Rcc7 {[%clk 0:22:35]} 43. Kg2 {[%clk 0:04:39]}  Kf8 {[%clk 0:22:28]} 44. h4 {[%clk 0:04:59]}  Kg7 {[%clk 0:21:02]} 45. Rb1 {[%clk 0:05:02]}  Rc6 {[%clk 0:20:18]} 46. Rb5 {[%clk 0:05:20]}  Rd6 {[%clk 0:20:22]} 47. h5 {[%clk 0:05:10]}  Rc6 {[%clk 0:20:28]} 48. Rab2 {[%clk 0:05:20]}  Rcc7 {[%clk 0:20:47]} 49. hxg6 {[%clk 0:05:39]}  hxg6 {[%clk 0:21:15]} 50. Rb6 {[%clk 0:05:39]}  Kh7 {[%clk 0:20:59]} 51. R2b4 {[%clk 0:05:32]}  Rg7 {[%clk 0:19:44]} 52. Rh4+ {[%clk 0:05:06]}  Kg8 {[%clk 0:20:14]} 53. Rh6 {[%clk 0:05:02]}  Kf7 {[%clk 0:20:35]} 54. Kf3 {[%clk 0:05:09]}  Re7 {[%clk 0:20:42]} 55. Kf4 {[%clk 0:05:13]}  Ra7 {[%clk 0:20:05]} 56. e4 {[%clk 0:05:23]}  Rc7 {[%clk 0:19:48]} 57. f3 {[%clk 0:05:14]}  Ra7 {[%clk 0:19:59]} 58. e5 {[%clk 0:04:56]}  Re7 {[%clk 0:18:56]} 59. Rf6+ {[%clk 0:05:14]}  Ke8 {[%clk 0:18:30]} 60. Rhxg6 {[%clk 0:05:27]} 1-0

[Event "9 Round Open"]
[Site "Enniscrone, Sligo, IE"]
[Date "2026.02.05"]
[Round "6"]
[White "Machin Arbelo, Pedro Alexis"]
[Black "Ranade, Akshay"]
[Result "1-0"]
[Board "10"]
[WhiteFideId "2260972"]
[BlackFideId "2515270"]
[WhiteElo "1950"]
[BlackElo "1723"]
[WhiteTeam "ESP"]
[BlackTeam "IRL"]
[WhiteClock "0:04:35"]
[BlackClock "0:23:19"]
[Variant "Standard"]

1. Nf3 {[%clk 1:29:44]}  Nf6 {[%clk 1:30:32]} 2. d4 {[%clk 1:28:47]}  d5 {[%clk 1:30:41]} 3. Bf4 {[%clk 1:28:32]}  c5 {[%clk 1:28:58]} 4. e3 {[%clk 1:27:55]}  Nc6 {[%clk 1:28:31]} 5. c3 {[%clk 1:28:14]}  e6 {[%clk 1:28:41]} 6. Nbd2 {[%clk 1:26:43]}  Be7 {[%clk 1:19:49]} 7. Bd3 {[%clk 1:26:24]}  O-O {[%clk 1:19:45]} 8. Ne5 {[%clk 1:26:05]}  Nxe5 {[%clk 1:11:09]} 9. dxe5 {[%clk 1:23:45]}  Nd7 {[%clk 1:11:20]} 10. Qh5 {[%clk 1:20:02]}  f5 {[%clk 1:09:20]} 11. g4 {[%clk 1:15:22]}  g6 {[%clk 1:02:50]} 12. Qh3 {[%clk 1:13:27]}  Qe8 {[%clk 0:52:28]} 13. gxf5 {[%clk 1:05:26]}  exf5 {[%clk 0:52:05]} 14. Nf3 {[%clk 0:57:23]}  Qf7 {[%clk 0:50:32]} 15. Rg1 {[%clk 0:53:17]}  Kh8 {[%clk 0:48:03]} 16. O-O-O {[%clk 0:46:36]}  c4 {[%clk 0:44:20]} 17. Bc2 {[%clk 0:45:20]}  Nc5 {[%clk 0:44:19]} 18. Qg2 {[%clk 0:40:16]}  Rg8 {[%clk 0:41:07]} 19. h4 {[%clk 0:39:45]}  h5 {[%clk 0:38:22]} 20. Bg5 {[%clk 0:38:43]}  Be6 {[%clk 0:34:09]} 21. Nd4 {[%clk 0:32:31]}  Rad8 {[%clk 0:32:16]} 22. Nxe6 {[%clk 0:24:15]}  Qxe6 {[%clk 0:32:23]} 23. Bxe7 {[%clk 0:23:58]}  Qxe7 {[%clk 0:32:21]} 24. Rxd5 {[%clk 0:23:54]}  b6 {[%clk 0:28:27]} 25. Rxd8 {[%clk 0:22:30]}  Qxd8 {[%clk 0:28:47]} 26. Qg5 {[%clk 0:12:48]}  Qxg5 {[%clk 0:27:45]} 27. Rxg5 {[%clk 0:12:49]}  Kh7 {[%clk 0:27:02]} 28. b3 {[%clk 0:11:43]}  Re8 {[%clk 0:23:01]} 29. f4 {[%clk 0:11:43]}  b5 {[%clk 0:22:38]} 30. Rg2 {[%clk 0:07:35]}  Rd8 {[%clk 0:22:45]} 31. bxc4 {[%clk 0:07:14]}  bxc4 {[%clk 0:23:03]} 32. Rd2 {[%clk 0:07:09]}  Rxd2 {[%clk 0:23:18]} 33. Kxd2 {[%clk 0:07:36]}  Kg7 {[%clk 0:23:26]} 34. e4 {[%clk 0:02:49]}  fxe4 {[%clk 0:23:04]} 35. Ke3 {[%clk 0:03:11]}  Kf7 {[%clk 0:23:09]} 36. Bxe4 {[%clk 0:03:27]}  Nxe4 {[%clk 0:22:41]} 37. Kxe4 {[%clk 0:03:52]}  Ke6 {[%clk 0:23:00]} 38. Kd4 {[%clk 0:04:01]}  Kf5 {[%clk 0:23:06]} 39. Kxc4 {[%clk 0:04:15]}  g5 {[%clk 0:23:19]} 40. fxg5 {[%clk 0:04:35]} 1-0

[Event "9 Round Open"]
[Site "Enniscrone, Sligo, IE"]
[Date "2026.02.05"]
[Round "6"]
[White "Fathallah, Joe"]
[Black "Melling, Jonathon"]
[Result "0-1"]
[Board "11"]
[WhiteFideId "1801899"]
[BlackFideId "841790"]
[WhiteElo "1956"]
[BlackElo "1878"]
[WhiteTeam "WLS"]
[BlackTeam "IRL"]
[WhiteClock "0:03:13"]
[BlackClock "0:08:52"]
[Variant "Standard"]

1. d4 {[%clk 1:30:55]}  d5 {[%clk 1:28:37]} 2. c4 {[%clk 1:31:11]}  c6 {[%clk 1:28:57]} 3. Nf3 {[%clk 1:31:32]}  Nf6 {[%clk 1:29:19]} 4. Nc3 {[%clk 1:31:56]}  e6 {[%clk 1:29:44]} 5. e3 {[%clk 1:32:13]}  a6 {[%clk 1:30:11]} 6. cxd5 {[%clk 1:27:44]}  exd5 {[%clk 1:30:28]} 7. Bd3 {[%clk 1:25:01]}  Bd6 {[%clk 1:30:02]} 8. Qc2 {[%clk 1:21:36]}  Nbd7 {[%clk 1:27:52]} 9. O-O {[%clk 1:21:24]}  O-O {[%clk 1:17:08]} 10. Rb1 {[%clk 1:15:30]}  Re8 {[%clk 1:15:15]} 11. b4 {[%clk 1:12:06]}  Qe7 {[%clk 1:08:17]} 12. a3 {[%clk 1:03:26]}  Ne4 {[%clk 1:05:40]} 13. Na4 {[%clk 0:58:53]}  Qf6 {[%clk 0:57:56]} 14. Nc5 {[%clk 0:54:50]}  Ndxc5 {[%clk 0:56:58]} 15. dxc5 {[%clk 0:53:52]}  Bc7 {[%clk 0:57:21]} 16. Bb2 {[%clk 0:50:51]}  Qh6 {[%clk 0:57:24]} 17. g3 {[%clk 0:47:35]}  Bh3 {[%clk 0:54:21]} 18. Rfe1 {[%clk 0:40:28]}  Qh5 {[%clk 0:53:08]} 19. Nd4 {[%clk 0:32:20]}  Bg4 {[%clk 0:41:49]} 20. Be2 {[%clk 0:30:35]}  Ng5 {[%clk 0:41:35]} 21. Qd1 {[%clk 0:20:14]}  Nh3+ {[%clk 0:37:22]} 22. Kg2 {[%clk 0:14:56]}  Nxf2 {[%clk 0:37:46]} 23. Bxg4 {[%clk 0:14:41]}  Nxg4 {[%clk 0:38:04]} 24. h3 {[%clk 0:09:42]}  Nf6 {[%clk 0:38:23]} 25. Qxh5 {[%clk 0:09:43]}  Nxh5 {[%clk 0:38:49]} 26. Nf5 {[%clk 0:09:01]}  Re6 {[%clk 0:37:15]} 27. g4 {[%clk 0:08:29]}  Nf6 {[%clk 0:36:58]} 28. Rf1 {[%clk 0:08:25]}  Be5 {[%clk 0:27:36]} 29. Bd4 {[%clk 0:08:14]}  Ne4 {[%clk 0:27:14]} 30. Rb2 {[%clk 0:07:42]}  Rae8 {[%clk 0:25:32]} 31. a4 {[%clk 0:07:33]}  h6 {[%clk 0:16:15]} 32. Rc1 {[%clk 0:07:30]}  g6 {[%clk 0:13:57]} 33. Nh4 {[%clk 0:02:22]}  Bxd4 {[%clk 0:13:01]} 34. exd4 {[%clk 0:02:51]}  Ng5 {[%clk 0:13:17]} 35. Rcc2 {[%clk 0:02:41]}  Re3 {[%clk 0:13:26]} 36. b5 {[%clk 0:02:32]}  axb5 {[%clk 0:13:39]} 37. axb5 {[%clk 0:02:58]}  Rxh3 {[%clk 0:14:00]} 38. bxc6 {[%clk 0:03:01]}  bxc6 {[%clk 0:14:17]} 39. Nxg6 {[%clk 0:02:43]}  fxg6 {[%clk 0:14:42]} 40. Rb6 {[%clk 0:03:07]}  Re6 {[%clk 0:11:16]} 41. Ra2 {[%clk 0:03:25]}  Rd3 {[%clk 0:09:54]} 42. Ra7 {[%clk 0:03:28]}  Nf7 {[%clk 0:08:46]} 43. Rbb7 {[%clk 0:02:49]}  Rf6 {[%clk 0:09:11]} 44. Rb8+ {[%clk 0:02:56]}  Kg7 {[%clk 0:09:32]} 45. Rb4 {[%clk 0:02:42]}  Rf4 {[%clk 0:09:35]} 46. g5 {[%clk 0:02:44]}  hxg5 {[%clk 0:08:42]} 47. Rb6 {[%clk 0:03:03]}  Rf6 {[%clk 0:07:21]} 48. Rb4 {[%clk 0:03:20]}  g4 {[%clk 0:07:47]} 49. Ra2 {[%clk 0:02:53]}  g5 {[%clk 0:07:59]} 50. Rab2 {[%clk 0:02:55]}  Kg6 {[%clk 0:08:10]} 51. Ra2 {[%clk 0:03:09]}  Nh6 {[%clk 0:08:33]} 52. Rab2 {[%clk 0:03:13]}  Nf5 {[%clk 0:08:52]} 0-1

[Event "9 Round Open"]
[Site "Enniscrone, Sligo, IE"]
[Date "2026.02.05"]
[Round "6"]
[White "Dolan, Peter"]
[Black "O`Flaherty, Kevin"]
[Result "0-1"]
[Board "12"]
[WhiteFideId "2413612"]
[BlackFideId "2502283"]
[WhiteElo "1781"]
[BlackElo "1956"]
[WhiteTeam "SCO"]
[BlackTeam "IRL"]
[WhiteClock "0:06:29"]
[BlackClock "0:01:46"]
[Variant "Standard"]

1. d4 {[%clk 1:30:55]}  f5 {[%clk 1:30:50]} 2. c4 {[%clk 1:31:17]}  Nf6 {[%clk 1:31:14]} 3. Nc3 {[%clk 1:31:39]}  e6 {[%clk 1:31:37]} 4. g3 {[%clk 1:31:45]}  Be7 {[%clk 1:31:07]} 5. Bg2 {[%clk 1:32:01]}  O-O {[%clk 1:30:45]} 6. e3 {[%clk 1:30:13]}  c6 {[%clk 1:27:53]} 7. Nf3 {[%clk 1:28:00]}  d6 {[%clk 1:25:58]} 8. O-O {[%clk 1:27:05]}  Ne4 {[%clk 1:24:45]} 9. Qc2 {[%clk 1:25:45]}  d5 {[%clk 1:22:48]} 10. cxd5 {[%clk 1:18:06]}  cxd5 {[%clk 1:22:03]} 11. Nxe4 {[%clk 1:11:39]}  fxe4 {[%clk 1:20:38]} 12. Nd2 {[%clk 1:11:13]}  Nc6 {[%clk 1:18:33]} 13. a3 {[%clk 1:11:26]}  Bd7 {[%clk 1:16:32]} 14. Nb3 {[%clk 1:09:37]}  b6 {[%clk 1:16:24]} 15. Qe2 {[%clk 1:08:55]}  a5 {[%clk 1:14:50]} 16. Nd2 {[%clk 1:04:53]}  a4 {[%clk 1:13:05]} 17. f3 {[%clk 1:04:58]}  exf3 {[%clk 1:12:49]} 18. Nxf3 {[%clk 1:03:09]}  Rc8 {[%clk 1:02:10]} 19. Bd2 {[%clk 0:57:46]}  Bd6 {[%clk 0:57:54]} 20. e4 {[%clk 0:56:39]}  Rxf3 {[%clk 0:57:22]} 21. Qxf3 {[%clk 0:55:24]}  Nxd4 {[%clk 0:56:52]} 22. Qf7+ {[%clk 0:51:50]}  Kh8 {[%clk 0:57:13]} 23. Bc3 {[%clk 0:50:08]}  Ne2+ {[%clk 0:52:44]} 24. Kh1 {[%clk 0:50:23]}  d4 {[%clk 0:48:28]} 25. Bb4 {[%clk 0:41:34]}  Bxb4 {[%clk 0:47:41]} 26. axb4 {[%clk 0:41:58]}  e5 {[%clk 0:46:30]} 27. Qd5 {[%clk 0:37:26]}  Qe8 {[%clk 0:42:19]} 28. Rf2 {[%clk 0:32:34]}  Nc1 {[%clk 0:25:27]} 29. Rf1 {[%clk 0:21:56]}  Nd3 {[%clk 0:19:19]} 30. Qb7 {[%clk 0:18:58]}  h6 {[%clk 0:16:51]} 31. Qxb6 {[%clk 0:18:22]}  Rc2 {[%clk 0:13:03]} 32. Qd6 {[%clk 0:17:57]}  Kh7 {[%clk 0:06:54]} 33. Rf8 {[%clk 0:15:41]}  Qe6 {[%clk 0:06:27]} 34. Qxe6 {[%clk 0:16:23]}  Bxe6 {[%clk 0:06:55]} 35. Rxa4 {[%clk 0:14:17]}  Nf2+ {[%clk 0:05:18]} 36. Kg1 {[%clk 0:14:19]}  Nh3+ {[%clk 0:05:42]} 37. Bxh3 {[%clk 0:14:11]}  Bxh3 {[%clk 0:06:08]} 38. Ra1 {[%clk 0:14:15]}  Rg2+ {[%clk 0:05:19]} 39. Kh1 {[%clk 0:14:35]}  Rxb2 {[%clk 0:05:31]} 40. Re8 {[%clk 0:14:10]}  Re2 {[%clk 0:03:21]} 41. Rxe5 {[%clk 0:14:16]}  d3 {[%clk 0:03:43]} 42. Rd5 {[%clk 0:14:09]}  d2 {[%clk 0:03:37]} 43. Rg1 {[%clk 0:11:31]}  Bg4 {[%clk 0:03:18]} 44. Rf1 {[%clk 0:08:19]}  Re1 {[%clk 0:03:15]} 45. Kg2 {[%clk 0:06:38]}  d1=Q {[%clk 0:02:56]} 46. Rxd1 {[%clk 0:06:55]}  Rxd1 {[%clk 0:03:24]} 47. Rxd1 {[%clk 0:05:31]}  Bxd1 {[%clk 0:03:52]} 48. b5 {[%clk 0:05:54]}  Ba4 {[%clk 0:03:57]} 49. b6 {[%clk 0:06:19]}  Bc6 {[%clk 0:04:19]} 50. Kf3 {[%clk 0:06:45]}  Kg6 {[%clk 0:04:14]} 51. Ke3 {[%clk 0:06:47]}  Kf6 {[%clk 0:04:28]} 52. Kd4 {[%clk 0:07:01]}  Bb7 {[%clk 0:04:36]} 53. h4 {[%clk 0:06:29]}  h5 {[%clk 0:01:46]} 0-1

[Event "9 Round Open"]
[Site "Enniscrone, Sligo, IE"]
[Date "2026.02.05"]
[Round "6"]
[White "Vitiukov, Mikhail"]
[Black "Gulljord, Birk"]
[Result "0-1"]
[Board "13"]
[WhiteFideId "14168839"]
[BlackFideId "1542753"]
[WhiteElo "1650"]
[BlackElo "1923"]
[WhiteTeam "UKR"]
[BlackTeam "NOR"]
[WhiteClock "0:01:40"]
[BlackClock "0:20:48"]
[Variant "Standard"]

1. e4 {[%clk 1:30:58]}  a6 {[%clk 1:30:56]} 2. d4 {[%clk 1:30:45]}  h6 {[%clk 1:31:21]} 3. f4 {[%clk 1:30:38]}  d6 {[%clk 1:31:00]} 4. c4 {[%clk 1:30:09]}  e6 {[%clk 1:30:00]} 5. Nf3 {[%clk 1:28:04]}  Nc6 {[%clk 1:27:15]} 6. Nc3 {[%clk 1:27:40]}  Bd7 {[%clk 1:24:29]} 7. Bd3 {[%clk 1:25:40]}  g6 {[%clk 1:22:36]} 8. Qe2 {[%clk 1:21:33]}  Bg7 {[%clk 1:22:13]} 9. e5 {[%clk 1:17:54]}  Nge7 {[%clk 1:20:28]} 10. d5 {[%clk 1:11:35]}  exd5 {[%clk 1:08:35]} 11. cxd5 {[%clk 1:11:57]}  Nb4 {[%clk 1:08:16]} 12. Be4 {[%clk 1:10:12]}  a5 {[%clk 1:05:39]} 13. a3 {[%clk 1:03:01]}  Na6 {[%clk 1:05:53]} 14. Nb5 {[%clk 0:53:02]}  O-O {[%clk 1:04:48]} 15. exd6 {[%clk 0:50:46]}  Nf5 {[%clk 1:04:37]} 16. Nxc7 {[%clk 0:42:56]}  Nxc7 {[%clk 1:01:54]} 17. dxc7 {[%clk 0:43:13]}  Qxc7 {[%clk 1:02:02]} 18. O-O {[%clk 0:40:57]}  Rfe8 {[%clk 1:00:55]} 19. Kh1 {[%clk 0:39:00]}  Rac8 {[%clk 0:50:45]} 20. Qd3 {[%clk 0:33:02]}  Nd6 {[%clk 0:48:50]} 21. Re1 {[%clk 0:20:37]}  f5 {[%clk 0:48:42]} 22. Bxf5 {[%clk 0:16:09]}  Rxe1+ {[%clk 0:48:02]} 23. Nxe1 {[%clk 0:16:33]}  Bxf5 {[%clk 0:48:13]} 24. Qd1 {[%clk 0:14:58]}  Qc4 {[%clk 0:44:50]} 25. Nf3 {[%clk 0:14:51]}  Ne4 {[%clk 0:44:03]} 26. Be3 {[%clk 0:14:15]}  Qc2 {[%clk 0:43:29]} 27. Qxc2 {[%clk 0:09:04]}  Rxc2 {[%clk 0:43:47]} 28. Rd1 {[%clk 0:08:13]}  Kf8 {[%clk 0:37:44]} 29. d6 {[%clk 0:07:04]}  Ke8 {[%clk 0:37:30]} 30. b4 {[%clk 0:06:00]}  axb4 {[%clk 0:37:04]} 31. axb4 {[%clk 0:06:24]}  Bf8 {[%clk 0:34:36]} 32. Nd4 {[%clk 0:05:52]}  Rb2 {[%clk 0:34:26]} 33. Nxf5 {[%clk 0:04:34]}  Kd7 {[%clk 0:30:40]} 34. Ne7 {[%clk 0:03:06]}  g5 {[%clk 0:27:22]} 35. fxg5 {[%clk 0:01:10]}  hxg5 {[%clk 0:27:51]} 36. Nf5 {[%clk 0:01:34]}  Rxb4 {[%clk 0:27:34]} 37. Kg1 {[%clk 0:01:20]}  b5 {[%clk 0:26:45]} 38. Ng3 {[%clk 0:00:55]}  Nxg3 {[%clk 0:25:16]} 39. hxg3 {[%clk 0:01:24]}  g4 {[%clk 0:25:26]} 40. Bf4 {[%clk 0:01:19]}  Rc4 {[%clk 0:23:37]} 41. Ra1 {[%clk 0:01:00]}  Bxd6 {[%clk 0:22:20]} 42. Ra7+ {[%clk 0:01:25]}  Ke6 {[%clk 0:21:45]} 43. Ra6 {[%clk 0:01:51]}  Rd4 {[%clk 0:21:52]} 44. Kf1 {[%clk 0:02:14]}  Kd7 {[%clk 0:18:53]} 45. Rxd6+ {[%clk 0:02:40]}  Rxd6 {[%clk 0:18:54]} 46. Bxd6 {[%clk 0:03:07]}  Kxd6 {[%clk 0:19:18]} 47. Ke2 {[%clk 0:03:31]}  Kc5 {[%clk 0:19:12]} 48. Kd1 {[%clk 0:01:36]}  Kb4 {[%clk 0:19:25]} 49. Kc1 {[%clk 0:01:44]}  Kb3 {[%clk 0:19:37]} 50. Kb1 {[%clk 0:01:06]}  b4 {[%clk 0:20:01]} 51. Ka1 {[%clk 0:01:19]}  Kc2 {[%clk 0:20:24]} 52. Ka2 {[%clk 0:01:40]}  b3+ {[%clk 0:20:48]} 0-1